Catalog

Record Details

Catalog Search



Available copies

  • 2 of 2 copies available at LARL/NWRL Consortium.
  • 2 of 2 copies available at Lake Agassiz Regional Library. (Show preferred library)

Current holds

0 current holds with 2 total copies.

Show All Copies
Location Call Number / Copy Notes Barcode Shelving Location Status Due Date
Detroit Lakes Public Library MOM (Text) 33500013263264 Main Available -
Moorhead Public Library MOM (Text) 33500013263272 Main Available -

Record details

  • ISBN: 9780525657156
  • ISBN: 0525657150
  • Physical Description: 283 pages ; 24 cm
  • Edition: First edition.
  • Publisher: New York : Alfred A. Knopf, [2020]

Content descriptions

Summary, etc.:
"When Lucien flees Haiti with his wife, ... Read More
Subject: Haitians > New York > Fiction.
Immigrants > United States > Fiction.
Abusive men > Fiction.
Psychopaths > Fiction.
Kidnapping victims > Fiction.
South Ozone Park (New York, N.Y.) > Fiction.
New York (N.Y.) > Fiction.
Genre: Novels.
Magic realist fiction.
Thrillers (Fiction)
Novels.
LDR 02513cam a2200457Ii 4500
001347371
003LARL_NWRL_CONSORTIUM
00520200608152956.0
008190827t20202020nyu 000 f eng d
040 . ‡aYDX ‡beng ‡erda ‡cYDX ‡dGK8 ‡dOCLCF ‡dLMJ ‡dFNN ‡dOCLCO ‡dNBO ‡dSINLB ‡dNZAUC ‡dMZG
020 . ‡a9780525657156 ‡q(hardcover)
020 . ‡a0525657150 ‡q(hardcover)
035 . ‡a(OCoLC)1112906578
043 . ‡an-us-ny
0820 . ‡a813/.6 ‡223
1001 . ‡aMomplaisir, Francesca, ‡d1973- ‡eauthor.
24510. ‡aMy mother's house / ‡cFrancesca Momplaisir.
250 . ‡aFirst edition.
264 1. ‡aNew York : ‡bAlfred A. Knopf, ‡c[2020]
264 4. ‡c©2020
300 . ‡a283 pages ; ‡c24 cm
336 . ‡atext ‡btxt ‡2rdacontent
337 . ‡aunmediated ‡bn ‡2rdamedia
338 . ‡avolume ‡bnc ‡2rdacarrier
520 . ‡a"When Lucien flees Haiti with his wife, Marie-Ange, and their three children to New York City’s South Ozone Park, he does so hoping for reinvention, wealth, and comfort. He buys a rundown house in a community that is quickly changing from an Italian enclave of mobsters to a haven for Haitian immigrants, and begins life anew. Lucien and Marie-Ange call their home La Kay - 'my mother’s house' - and it becomes a place where their fellow immigrants can find peace, a good meal, and legal help. But as a severely emotionally damaged man emigrating from a country whose evils he knows to one whose evils he doesn’t, Lucien soon falls into his worst habits and impulses, with La Kay as the backdrop for his lasciviousness. What he can’t even begin to fathom is that the house is watching, passing judgment, and deciding to put an end to all the sins it has been made to hold. But only after it has set itself aflame will frightened whispers reveal Lucien’s ultimate evil."--Publisher.
650 0. ‡aHaitians ‡zNew York ‡vFiction.
650 0. ‡aImmigrants ‡zUnited States ‡vFiction. ‡0(LARL_NWRL_CONSORTIUM)172578
650 0. ‡aAbusive men ‡vFiction. ‡0(LARL_NWRL_CONSORTIUM)170360
650 0. ‡aPsychopaths ‡vFiction. ‡0(LARL_NWRL_CONSORTIUM)166795
650 0. ‡aKidnapping victims ‡vFiction. ‡0(LARL_NWRL_CONSORTIUM)165840
651 0. ‡aSouth Ozone Park (New York, N.Y.) ‡vFiction.
651 0. ‡aNew York (N.Y.) ‡vFiction. ‡0(LARL_NWRL_CONSORTIUM)166410
655 7. ‡aNovels. ‡2fast
655 7. ‡aMagic realist fiction. ‡2lcgft
655 7. ‡aThrillers (Fiction) ‡2lcgft
655 7. ‡aNovels. ‡2lcgft
905 . ‡uvanderl
901 . ‡a347371 ‡b ‡c347371 ‡tbiblio ‡soclc

Additional Resources